000 00753cam a22002411a 4500
001 ne 68002349
003 DLC
005 20260227111843.0
008 930520s1964 tu a b 000 0 tur
010 _ane 68002349
035 _a(OCoLC)28140603
040 _aDLC
_cCU
_dCU
_dDLC
042 _apremarc
043 _aa-tu---
050 0 0 _aDR701.G3
_bA4
100 1 _aAlemdaroğlu, Mehmet.
245 1 0 _aTarihi, coğrafi, iktisadi ve turistik yönleriyle Gelibolu
_c[yazan] Mehmet Aldemdaroğlu [ve] Mehmet İrdesel.
260 _a[Gelibolu,
_bBasıldığı yer: Fırıncıoğlu Matbaası]
_c1964.
300 _a[89] p.
_billus.
_c20 cm.
504 _aBibliography: p. [89]
651 0 _aGallipoli Peninsula (Turkey)
700 1 _aİrdesel, Mehmet.
999 _c50496
_d50496